[Event "Istanbul Open 2018"]
[Site "Istanbul"]
[Date "2018.09.03"]
[Round "3"]
[White "Suer, Halil Cenk"]
[Black "Kavacik, Ahmet"]
[Result "0-1"]
[WhiteElo "1608"]
[BlackElo "1800"]
[Annotator "NA"]
[PlyCount "71"]
[EventDate "2018.09.02"]
[EventType "swiss"]
[EventCountry "TUR"]
[SourceTitle "playchess.com"]
[Source "ChessBase"]
[SourceQuality "1"]
[TimeControl "5400+30"]

1. e4 {[%emt 0:00:30]} c5 {[%emt 0:06:30]} 2. c4 {[%emt 0:00:30]} Nc6 {[%emt 0:00:30]} 3. Nc3 {[%emt 0:01:30]} g6 {[%emt 0:01:30]} 4. g3 {[%emt 0:01:30]} Bg7 {[%emt 0:00:30] LiveBook: 436 Games} 5. Bg2 {[%emt 0:00:30]} d6 6. d3 Nf6 7. Nge2 Bg4 8. f3 {A36: Symmetrical English vs ...g6: 4 Bg2 Bg7} (8. h3 Bxe2 9. Nxe2 Nd7 10. O-O O-O 11. Rb1 Rb8 12. Be3 Qa5 13. a3 b5 14. e5 Ncxe5 15. f4 bxc4 16. fxe5 Nxe5 {0-1 (46) Papin,V (2561)-Tkachiev,V (2650) Warsaw 2012}) 8... Be6 9. O-O Qd7 $146 ({Predecessor:} 9... O-O 10. Be3 a6 11. Rb1 {0-1 (41) Pasionek,A (1988)-Ziemniak,P (1830) Pstragowa 2014}) 10. Nf4 Nh5 11. Nxe6 fxe6 12. Be3 e5 13. Nd5 O-O 14. Qd2 Nd4 15. Bxd4 exd4 16. Qg5 {[%emt 1:17:00]} Rae8 {[%emt 0:53:00]} 17. g4 {[%emt 0:07:08]} Bf6 {[%emt 0:06:30]} 18. Nxf6+ {[%emt 0:00:55]} Nxf6 {[%emt 0:00:30]} 19. h4 {[%emt 0:05:05]} e5 {[%emt 0:05:30]} 20. h5 {[%emt 0:01:14]} Qg7 {[%emt 0:02:30]} 21. h6 {[%emt 0:00:10]} Qe7 {[%emt 1:20:30]} 22. f4 {[%emt 1:34:19]} exf4 {[%emt 0:00:30]} 23. Rxf4 {[%emt 0:00:30]} Qe5 {[%emt 0:03:32]} 24. Rf5 {[%emt 0:01:27]} Qe7 {[%emt 0:00:11]} 25. Raf1 {[%emt 0:00:36]} Nd7 {[%emt 0:00:16]} 26. Rxf8+ {[%emt 0:01:57]} Nxf8 {[%emt 0:00:38]} 27. Qd5+ {[%emt 0:00:27]} (27. Qxe7 $142 Rxe7 {[#]} 28. e5 $1 {[%mdl 512]} Rxe5 29. Bxb7) 27... Ne6 {[%emt 0:03:35]} 28. g5 {[%emt 0:02:55]} Qxg5 {[%emt 0:00:53]} 29. Qxb7 {[%emt 0:00:25]} Qe3+ {[%emt 0:00:12]} 30. Kh2 {[%emt 0:01:15]} Qxh6+ {[%emt 0:00:35]} 31. Bh3 {[%emt 0:00:12]} Ng5 {[%emt 0:01:45]} 32. Qd7 {[%emt 0:01:01]} Qxh3+ {[%emt 0:11:15]} 33. Qxh3 {[%emt 0:00:07]} Nxh3 {[%emt 0:00:00]} 34. Kxh3 {[%emt 0:00:52]} Rf8 {[%emt 0:00:00]} 35. Rxf8+ $2 {[%emt 0:00:32]} (35. Rd1) 35... Kxf8 {[%emt 0:00:00]} 36. b4 $19 {[%emt 0:00:38]} 0-1

[Event "Istanbul Open 2018"]
[Site "Istanbul"]
[Date "2018.09.03"]
[Round "3"]
[White "Ersoy, Emre"]
[Black "Sar, Can"]
[Result "1/2-1/2"]
[WhiteElo "1557"]
[BlackElo "1800"]
[Annotator "NA RC"]
[PlyCount "135"]
[EventDate "2018.09.02"]
[EventType "swiss"]
[EventCountry "TUR"]
[SourceTitle "playchess.com"]
[Source "ChessBase"]
[SourceQuality "1"]
[TimeControl "5400+30"]

1. e4 {[%emt 0:00:30]} c5 {[%emt 0:00:30]} 2. Nf3 {[%emt 0:00:30]} g6 {[%emt 0:00:00]} 3. d4 {[%emt 0:00:30]} cxd4 {[%emt 0:00:00]} 4. Nxd4 {[%emt 0:00:00]} Bg7 {[%emt 0:00:00]} 5. Nc3 {[%emt 0:00:00]} Nc6 {[%emt 0:00:00]} 6. Be3 {[%emt 0:00:30]} Nf6 {[%emt 0:00:30]} 7. Bc4 {[%emt 0:01:30]} O-O {[%emt 0:00:30]} 8. Bb3 d6 9. f3 Bd7 10. Qd2 Na5 11. O-O-O {B77: Sicilian Dragon: Yugoslav Attack, 9 Bc4 sidelines} (11. h4 h5 12. O-O-O Rb8 13. g4 b5 14. gxh5 Nxh5 15. Rhg1 Nc4 16. Bxc4 bxc4 17. Bh6 Qb6 18. b3 cxb3 19. axb3 Qa5 20. Kb2 {0-1 (33) Gao,R (2561)-Xu,X (2581) Tianjin 2018}) 11... Nxb3+ 12. axb3 a5 13. Bh6 a4 14. bxa4 Bxa4 15. h4 Bd7 16. Bxg7 Kxg7 17. h5 Ra1+ $146 ({Predecessor:} 17... e5 18. Nb3 Be6 19. hxg6 fxg6 {1-0 (80) Marutkins,O (1970)-Mustaps,M (2278) Riga 2012}) 18. Nb1 Qa5 19. hxg6 Qxd2+ 20. Kxd2 hxg6 21. Nc3 Rxd1+ 22. Nxd1 e5 23. Ne2 d5 24. exd5 Nxd5 25. Ndc3 {[%emt 1:16:30]} Nxc3 {[%emt 0:52:30]} 26. Nxc3 {[%emt 0:00:30]} Bc6 {[%emt 0:00:30]} 27. Ke3 {[%emt 0:01:30]} Rd8 {[%emt 0:00:30]} 28. Ra1 {[%emt 0:08:34]} f5 {[%emt 0:00:30]} 29. b4 {[%emt 0:03:07]} f4+ {[%emt 0:12:30]} 30. Ke2 {[%emt 0:01:44]} g5 {[%emt 1:12:00]} 31. b5 {[%emt 1:41:03]} Be8 {[%emt 0:00:30]} 32. Ra7 {[%emt 0:00:30]} Rb8 {[%emt 0:00:30]} 33. Kd3 {[%emt 0:00:30]} Kf6 {[%emt 0:00:30]} 34. Ne4+ {[%emt 0:00:30]} Ke7 {[%emt 0:00:30]} 35. Kc4 {[%emt 0:02:01]} Rc8+ {[%emt 0:00:30]} 36. Kb3 {[%emt 0:01:37]} Bf7+ {[%emt 0:00:30]} 37. Kb2 {[%emt 0:00:24]} Bd5 {[%emt 0:00:30]} 38. Nxg5 {[%emt 0:00:43]} Rg8 {[%emt 0:00:00]} 39. c4 {[%emt 0:01:08]} Rxg5 {[%emt 0:07:00]} 40. cxd5 {[%emt 0:00:08]} Rxg2+ {[%emt 0:00:00]} 41. Kc3 {[%emt 0:00:11]} Kd6 {[%emt 0:00:00]} 42. Rxb7 {[%emt 0:00:56]} Kxd5 {[%emt 0:00:00]} 43. Kb4 {[%emt 0:01:11]} e4 {[%emt 0:02:00]} 44. fxe4+ {[%emt 0:00:19]} Kxe4 {[%emt 0:00:00]} 45. Kc5 {[%emt 0:00:37]} f3 {[%emt 0:00:00]} 46. Rf7 {[%emt 0:00:25]} f2 {[%emt 0:02:30]} 47. b6 {[%emt 0:00:20]} Rg5+ {[%emt 0:01:30]} 48. Kc6 $1 {[%emt 0:00:38]} Rg6+ {[%emt 0:01:30]} 49. Kc7 {[%emt 0:00:17] [#]} Rg7 $1 {[%emt 0:02:30]} 50. Rxg7 {[%emt 0:00:03]} f1=Q {[%emt 0:00:00]} 51. b7 {[%emt 0:01:20]} (51. Rg4+ $11 {remains equal.} Kd5 52. Rg5+ Ke4 53. b7) 51... Qf4+ {[%emt 0:00:00]} 52. Kb6 {[%emt 0:00:29]} Qf6+ {[%emt 0:00:30]} 53. Kc5 {[%emt 0:00:38]} Qc3+ {[%emt 0:02:30]} 54. Kb6 {[%emt 0:00:28]} Qf6+ {[%emt 0:01:30]} (54... Qxg7 $5 55. b8=Q $8 Qg1+ 56. Kc6 Qc1+ 57. Kd7 Qc4 $11) 55. Kc5 {[%emt 0:00:20]} Qe5+ {[%emt 0:05:34]} 56. Kc6 {[%emt 0:00:30]} Qc3+ {[%emt 0:02:01]} 57. Kb6 {[%emt 0:00:35]} Qd4+ {[%emt 0:01:47]} 58. Kc6 {[%emt 0:00:05]} Qa7 {[%emt 0:02:11]} 59. Rd7 {[%emt 0:00:50]} Ke5 {[%emt 0:00:39]} 60. Rd5+ {[%emt 0:00:35]} Ke6 {[%emt 0:00:09]} 61. Rd6+ {[%emt 0:00:03]} Ke7 {[%emt 0:10:27]} 62. Rd5 $11 {[%emt 0:00:45]} Qa6+ {[%emt 0:00:00]} 63. Kc7 {[%emt 0:00:47]} Qc4+ {[%emt 0:00:00]} 64. Kb6 {[%emt 0:00:03]} Qb3+ {[%emt 0:00:00]} 65. Rb5 {[%emt 0:00:06]} Qe3+ {[%emt 0:00:00]} 66. Ka6 {[%emt 0:00:44]} Qa3+ {[%emt 0:00:00]} 67. Kb6 {[%emt 0:00:30]} Qd6+ {[%emt 0:00:00]} 68. Ka7 {[%emt 0:00:40]} 1/2-1/2

[Event "Istanbul Open 2018"]
[Site "Istanbul"]
[Date "2018.09.04"]
[Round "4"]
[White "Darban, Morteza"]
[Black "Mohannad, Farhan"]
[Result "1/2-1/2"]
[WhiteElo "2333"]
[BlackElo "2201"]
[Annotator "TA"]
[PlyCount "81"]
[EventDate "2018.09.02"]
[EventType "swiss"]
[EventCountry "TUR"]
[SourceTitle "playchess.com"]
[Source "ChessBase"]
[SourceQuality "1"]

{[%evp 15,81,36,31,28,33,0,37,6,31,-32,-34,-50,-41,-37,-14,-17,74,-21,0,0,21,0,34,22,108,26,77,86,93,74,111,90,220,151,281,245,251,245,241,233,310,302,300,302,382,386,368,366,359,153,448,445,620,572,520,439,459,465,463,458,449,449,428,0,394,0,379,0]} 1. d4 Nf6 2. c4 g6 3. Nc3 Bg7 4. e4 d6 5. Bd3 O-O 6. Nge2 c5 7. d5 e6 8. Bg5 h6 {LiveBook: 44 Games. E70: King's Indian: Miscellaneous lines with 4 e4, including 5 Nge2 and 5 Bd3 0-0 6 Nge2} 9. Bd2 (9. Bh4 exd5 10. exd5 Nbd7 11. f4 g5 12. Bg3 Ng4 13. O-O gxf4 14. Bxf4 Nde5 15. Bc2 Ng6 16. Qd3 {0-1 (39) Dragun,K (2609)-Adhiban,B (2671) Abu Dhabi 2016}) 9... exd5 10. exd5 Re8 {The position is equal.} 11. h3 Nbd7 12. b3 (12. f4 $1 $14) 12... Ne5 $146 ({Predecessor:} 12... Nh5 13. O-O Ne5 14. Bc2 f5 15. f4 Nf7 16. Rf3 Nf6 {0-1 (33) Taus,M (2185)-Khmelnitsky,S (2305) Frydek Mistek 1997}) 13. Bc2 Nh5 14. Kf1 $1 Qh4 {[#] ...Bg4! is the strong threat.} 15. Kg1 b5 (15... a6 $11 {remains equal.}) 16. cxb5 (16. Nxb5 $16 Qe7 17. Nbc3) 16... c4 17. Be3 f5 {And now ...f4 would win.} (17... Nf3+ $5 18. gxf3 Rxe3 19. fxe3 Qg5+ 20. Kf2 Qh4+ 21. Kg1 Qg5+ 22. Kf2 Qh4+ 23. Kg2 Qg5+ 24. Kf2 $11) 18. g3 {[%cal Bg2g3,Bg3f4][%mdl 32]} Qd8 19. Rc1 g5 (19... Nf3+ $11 20. Kg2 Ne5) 20. Bb1 (20. Nd4 $16 f4 21. Qxh5 fxe3 22. fxe3) 20... Rf8 (20... cxb3 $11 21. axb3 (21. Qxb3 $2 f4 $19) 21... f4 22. Nxf4 (22. gxf4 Nf3+ 23. Kf1 Nxf4 $14) 22... gxf4 23. gxf4 Nxf4 24. Bxf4 Qf6) 21. f4 $16 gxf4 22. gxf4 Nf3+ 23. Kf2 Nh4 (23... Ne5 $16) 24. Rg1 $36 {[%mdl 2048] Keeping Black busy.} (24. bxc4 $6 Ng6) 24... Kh7 (24... cxb3 $16 {was worth a try.} 25. axb3 (25. Qxb3 Re8 $16) 25... Qe8) 25. Ng3 (25. bxc4 $6 Ng6 $16) 25... Nf6 {Now ...cxb3 and Black clings on.} 26. Nh5 Bh8 27. Nxf6+ Qxf6 28. Ne2 (28. bxc4 $6 Bd7 $18) 28... Bd7 29. Bd4 (29. bxc4 $6 Qe7 $18) (29. Rxc4 $6 Rae8 $18) 29... Qf7 30. Bxh8 Rxh8 31. bxc4 Rae8 32. Qd4 (32. Rc3 $18) 32... Re7 $2 {[#]} (32... Nf3 $16 33. Qxa7 (33. Kxf3 Qh5+ 34. Rg4 Qxh3+ 35. Rg3 Qh5+ 36. Kg2 Rxe2+ 37. Kf1 Rg8 $11) 33... Nxg1 34. Rxg1 Re7) 33. Rg3 $18 Qh5 34. Bd3 Rhe8 {[%cal Re7e2]} 35. Nc3 Ng6 {If only Black now had time for ...Qh4....} 36. Rcg1 Qh4 37. Ne2 Qh5 {[%cal Re7e2]} 38. Qb2 ({Not} 38. Kg2 Rxe2+ 39. Bxe2 Rxe2+ 40. Kh1 Re7 $18) 38... Qh4 39. Qd4 Qh5 {[%cal Re7e2]} 40. Qb2 ({Weaker is} 40. Kg2 Rxe2+ 41. Bxe2 Rxe2+ 42. Kh1 Re7 $18) 40... Qh4 41. Qd4 $2 {Precision: White = 52%, Black = 27%.} ({White should play} 41. Kf1 $18 Rg8 42. Qd4) 1/2-1/2

[Event "Istanbul Open 2018"]
[Site "Istanbul"]
[Date "2018.09.04"]
[Round "4"]
[White "Nuri, Murad"]
[Black "Bagaturov, Giorgi"]
[Result "1/2-1/2"]
[WhiteElo "2284"]
[BlackElo "2396"]
[Annotator "TA"]
[PlyCount "28"]
[EventDate "2018.09.02"]
[EventType "swiss"]
[EventCountry "TUR"]
[SourceTitle "playchess.com"]
[Source "ChessBase"]
[SourceQuality "1"]

{[%evp 26,28,12,-5,7]} 1. Nf3 Nf6 2. c4 e6 3. g3 d5 4. d4 Be7 5. Bg2 O-O 6. Qc2 Nbd7 7. O-O c6 8. Rd1 b6 9. Bf4 Ba6 10. b3 Nh5 $146 ({Vorgänger:} 10... Rc8 11. Nc3 Nh5 12. Bc1 Nhf6 13. Bf4 h6 14. e4 dxc4 15. Nd2 b5 16. bxc4 bxc4 17. Bf1 Nb6 18. a4 g5 19. Be3 Ng4 20. a5 Nxe3 21. fxe3 Nd7 22. Bxc4 Bb5 {0-1 (63) Wojtaszek,R (2749)-Karjakin,S (2785) Doha 2016}) 11. Bc1 Nhf6 12. Bf4 Nh5 13. Bc1 Nhf6 14. Bf4 {LiveBook: 412 Partien. E08: Katalanisch} Nh5 1/2-1/2

[Event "Istanbul Open 2018"]
[Site "Istanbul"]
[Date "2018.09.04"]
[Round "4"]
[White "Eryigit, Yakup"]
[Black "Tinarlioglu, Emre"]
[Result "1-0"]
[WhiteElo "2030"]
[BlackElo "1796"]
[Annotator "NA RC"]
[PlyCount "71"]
[EventDate "2018.09.02"]
[EventType "swiss"]
[EventCountry "TUR"]
[SourceTitle "playchess.com"]
[Source "ChessBase"]
[SourceQuality "1"]
[TimeControl "5400+30"]

{[%evp 8,66,16,16,3,9,20,18,8,0,0,7,0,-35,0,-25,-8,-38,-45,-39,-18,32767,-29,-53,6,0,13,-7,10,0,35,0,138,94,204,200,222,139,166,124,161,182,266,264,247,304,417,463,432,603,32767,32767,579,729,733,689,950,32767,1406,1662,29987]} 1. Nf3 {[%emt 0:00:30]} c5 {[%emt 0:00:30]} 2. c4 {[%emt 0:05:30]} Nc6 {[%emt 0:00:00]} 3. Nc3 {[%emt 0:00:00]} e6 {[%emt 0:00:00]} 4. e3 {[%emt 0:01:00]} Nf6 {[%emt 0:00:30]} 5. a3 {[%emt 0:00:30]} d5 {[%emt 0:00:30]} 6. d4 {[%emt 0:00:30]} cxd4 {[%emt 0:00:30]} 7. exd4 {[%emt 0:00:00]} Be7 {[%emt 0:00:00]} 8. Bd3 {[%emt 0:03:00]} dxc4 {[%emt 0:00:00]} 9. Bxc4 {[%emt 0:00:30]} O-O {[%emt 0:00:30] D40: Damengambit (Verbesserte Tarrasch-Verteidigung)} 10. Bg5 {[%emt 0:01:30]} (10. O-O Nd5 11. Re1 Nxc3 12. bxc3 Bf6 13. Bd3 Bd7 14. Rb1 b6 15. Rb5 g6 16. Bh6 Re8 17. Qd2 Ne7 18. Rbe5 Bc6 19. Bg5 Bg7 20. R5e3 h6 21. Bh4 Bxf3 22. Rxf3 {½-½ (42) Salem,A (2638)-Svidler,P (2749) Geneva 2017}) 10... a6 {[%emt 0:00:30] LiveBook: 3 Games} 11. Ba2 {[%emt 0:00:30]} b5 {[%emt 0:01:30]} 12. Rc1 {[%emt 0:00:30]} Bb7 {[%emt 0:00:30]} 13. Bb1 $146 {[%emt 0:00:30]} ({Vorgänger:} 13. O-O b4 14. axb4 Nxb4 15. Bb1 Nfd5 16. Ne4 h6 17. Bd2 Bc6 18. Ne5 Bb5 19. Re1 f5 20. Nc5 Bxc5 21. Rxc5 {1-0 (33) Ennsberger,U (2335)-Rogulj,B (2422) Austria 2015}) 13... Re8 {[%emt 0:07:30]} 14. Qd3 {[%emt 0:07:30]} g6 {[%emt 0:00:30]} 15. h4 {[%emt 0:00:00]} h5 {[%emt 0:05:30]} 16. O-O {[%emt 0:02:00]} Ng4 {[%emt 0:01:30]} 17. Ne4 {[%emt 0:01:30]} Bxg5 {[%emt 0:05:30]} 18. hxg5 {[%emt 0:00:30]} Ne7 {[%emt 0:04:30]} 19. Nfd2 {[%emt 0:11:30]} Nd5 {[%emt 0:01:30]} (19... Qb8 $11 {hält das Gleichgewicht.} 20. Qg3 Qxg3 21. Nxg3 Nf5) 20. Qg3 {[%emt 0:01:30]} e5 {[%emt 0:44:00] [#]} (20... Nb6 $16 {might work better.}) 21. dxe5 $1 {[%emt 0:00:30]} Nxe5 {[%emt 0:00:30]} 22. Rfe1 {[%emt 0:02:30]} (22. Ba2 $18 Nc4 23. Bxc4 bxc4 24. Rxc4) 22... Ng4 {[%emt 0:01:30]} 23. Nd6 {[%emt 0:01:30]} Rxe1+ {[%emt 0:01:30]} 24. Rxe1 {[%emt 0:00:30]} Bc6 {[%emt 0:00:00]} (24... Qb6 $142) 25. N2e4 {[%emt 0:00:30]} Qb6 {[%emt 0:52:30]} 26. Rd1 {[%emt 0:05:30]} ({Weaker is} 26. Qf3 Rf8 $14) 26... Rf8 {[%emt 0:05:30]} (26... b4 $142 27. Ba2 (27. Qf3 Rf8 $16) 27... bxa3) 27. Ba2 {[%emt 0:00:30]} Qa5 {[%emt 0:02:30]} 28. b4 {[%emt 0:08:30]} ({Less strong is} 28. Bxd5 Bxd5 29. Nf6+ Nxf6 $16) 28... Qc7 {[%emt 0:03:30]} 29. Rc1 {[%emt 0:04:30]} Qd7 {[%emt 0:01:30]} 30. f3 {[%emt 1:15:00]} Nge3 {[%emt 1:13:00]} 31. Qe5 {[%emt 0:00:30]} Ba8 {[%emt 0:00:30]} 32. Rc5 {[%emt 0:00:30]} Qa7 {[%emt 0:00:30]} 33. Kh1 {[%emt 0:00:30]} Rd8 {[%emt 0:00:30]} 34. Nf6+ {[%emt 0:01:30]} Nxf6 {[%emt 0:00:30]} 35. Qxf6 {[%emt 0:00:30]} Nd5 {[%emt 0:00:30]} 36. Qxd8+ {[%emt 0:00:00]} 1-0

[Event "Istanbul Open 2018"]
[Site "Istanbul"]
[Date "2018.09.04"]
[Round "4"]
[White "Niyazmetov, Hudoshukur"]
[Black "Acarbay, Aydin"]
[Result "0-1"]
[WhiteElo "2008"]
[BlackElo "1894"]
[Annotator "NA RC"]
[PlyCount "98"]
[EventDate "2018.09.02"]
[EventType "swiss"]
[EventCountry "TUR"]
[SourceTitle "playchess.com"]
[Source "ChessBase"]
[SourceQuality "1"]
[TimeControl "5400+30"]

1. d4 {[%emt 0:00:30]} d5 {[%emt 0:00:30]} 2. Nf3 {[%emt 0:00:00]} Nf6 {[%emt 0:00:00]} 3. c4 {[%emt 0:00:00]} c6 {[%emt 0:00:00]} 4. Nc3 {[%emt 0:00:00]} dxc4 {[%emt 0:00:30]} 5. a4 {[%emt 0:00:00]} Bf5 {[%emt 0:00:30]} 6. Ne5 {[%emt 0:03:30]} Nbd7 {[%emt 0:00:00]} 7. Nxc4 {[%emt 0:01:30]} Nb6 {[%emt 0:00:00]} 8. Ne5 {[%emt 0:03:30]} a5 {[%emt 0:00:30]} 9. f3 {[%emt 0:17:30] LiveBook: 423 Games D17: Slav Defence: 5 a4 Bf5: Lines with 6 Nh4 and 6 Ne5} (9. e3 Nbd7 10. Bd3 Bxd3 11. Nxd3 g6 12. Qb3 Qb6 13. Qxb6 Nxb6 14. Ke2 Bg7 15. Nc5 Ra7 16. e4 O-O {½-½ (49) Vidit,S (2707)-Bu,X (2725) Liaocheng 2018}) 9... Nfd7 {[%emt 0:02:30]} 10. Nxd7 {[%emt 0:07:30]} Bxd7 {[%emt 0:20:30]} 11. e4 {[%emt 0:01:30]} e5 {[%emt 0:06:30]} 12. dxe5 $146 {[%emt 0:04:30]} ({Predecessor:} 12. Be3 Bb4 13. dxe5 Qc7 14. Be2 Be6 15. Kf2 Nd7 16. f4 Nc5 {0-1 (50) Sargsyan,S (2440)-Yegiazaryan,A (2243) Yerevan 2016}) 12... Bc5 {[%emt 0:01:30]} 13. Bf4 {[%emt 0:00:30]} Qh4+ {[%emt 0:46:30]} 14. Bg3 {[%emt 0:50:00]} Qe7 {[%emt 0:12:30]} 15. Bd3 {[%emt 0:02:30]} Rd8 {[%emt 0:06:30]} 16. Qe2 {[%emt 0:17:30]} Be6 {[%emt 0:03:30]} 17. O-O-O {[%emt 1:24:25]} Bd4 {[%emt 1:16:30]} 18. Bf2 {[%emt 1:25:11]} Bxf2 {[%emt 0:01:24]} 19. Qxf2 {[%emt 0:00:26]} Qb4 {[%emt 0:00:23]} 20. Bb5 {[%emt 0:03:34]} Rxd1+ {[%emt 0:04:52]} 21. Rxd1 {[%emt 0:00:05]} Nd7 {[%emt 0:00:11]} 22. Be2 {[%emt 0:00:30]} Nc5 {[%emt 0:01:15]} 23. Kb1 {[%emt 0:06:37]} O-O {[%emt 1:32:34]} 24. Qd4 {[%emt 1:40:15]} g6 {[%emt 1:35:55]} 25. f4 {[%emt 0:00:25]} Bb3 {[%emt 0:01:51]} 26. Rd2 {[%emt 0:00:01]} Bxa4 {[%emt 0:01:34]} 27. Qxb4 {[%emt 0:00:43]} axb4 {[%emt 0:00:05]} 28. Nxa4 {[%emt 0:00:00]} Nxa4 {[%emt 0:00:09]} 29. Rd7 {[%emt 0:01:03]} Nc5 {[%emt 0:00:42]} 30. Rd4 {[%emt 0:00:23]} Ne6 {[%emt 0:00:40]} 31. Rxb4 {[%emt 0:00:36]} Nxf4 {[%emt 0:00:04]} 32. Bf1 {[%emt 0:00:08]} b5 {[%emt 0:00:36]} 33. Rd4 {[%emt 0:00:48]} Re8 {[%emt 0:00:51]} 34. g3 {[%emt 0:00:42]} Ne6 {[%emt 0:01:15]} 35. Rd6 {[%emt 0:00:08]} Rc8 {[%emt 0:00:03]} 36. Bh3 {[%emt 0:00:10]} Re8 {[%emt 0:00:33]} 37. Rxc6 {[%emt 0:00:24]} Ng5 $14 {[%emt 0:00:28]} 38. Bg2 {[%emt 0:01:28]} Rxe5 {[%emt 0:00:10]} 39. Rb6 {[%emt 0:01:03]} Nxe4 {[%emt 0:01:31]} 40. Bxe4 {[%emt 0:00:07]} Rxe4 {[%emt 0:00:01]} 41. Rxb5 {[%emt 0:00:01]} Re2 {[%emt 0:00:11]} 42. Rb3 {[%emt 0:01:49]} Rxh2 {[%emt 0:00:05]} 43. Ka2 {[%emt 0:00:16]} h5 {[%emt 0:01:02]} 44. Re3 {[%emt 0:00:57]} Rh3 {[%emt 0:01:07]} 45. b4 {[%emt 0:00:03]} h4 {[%emt 0:01:32]} 46. b5 {[%emt 0:00:30]} Rxg3 {[%emt 0:00:20]} 47. Re8+ {[%emt 0:00:31]} Kg7 {[%emt 0:00:03]} 48. b6 {[%emt 0:00:08]} Rg5 {[%emt 0:00:17]} 49. Rb8 {[%emt 0:01:20]} Rb5 {[%emt 0:00:11]} 0-1

[Event "Istanbul Open 2018"]
[Site "Istanbul"]
[Date "2018.09.04"]
[Round "4"]
[White "Akin, Yagiz Cinar"]
[Black "Emir, Emirhan"]
[Result "1/2-1/2"]
[WhiteElo "1963"]
[BlackElo "1852"]
[Annotator "NA RC"]
[PlyCount "97"]
[EventDate "2018.09.02"]
[EventType "swiss"]
[EventCountry "TUR"]
[SourceTitle "playchess.com"]
[Source "ChessBase"]
[SourceQuality "1"]
[TimeControl "5400+30"]

{[%evp 10,97,-19,-7,4,-3,5,2,17,5,27,1,7,-6,28,28,31,12,32767,20,52,14,17,7,34,52,25,0,59,0,12,0,32767,32767,32767,32767,32767,114,14,18,51,24,40,41,61,39,49,32767,80,100,102,64,110,32767,32767,128,140,141,142,127,318,247,32767,32767,32767,32767,32767,32767,32767,32767,32767,0,32767,32767,32767,32767,32767,32767,32767,32767,32767,32767,32767,103,32767,32767,32767,0,0,0]} 1. e4 {[%emt 0:00:30]} e6 {[%emt 0:00:30]} 2. d4 {[%emt 0:00:30]} d5 {[%emt 0:00:00]} 3. Nd2 {[%emt 0:00:00]} c5 {[%emt 0:00:00]} 4. c3 {[%emt 0:00:00]} cxd4 {[%emt 0:00:30]} 5. cxd4 {[%emt 0:00:00]} dxe4 {[%emt 0:00:30]} 6. Nxe4 {[%emt 0:00:00]} Bb4+ {[%emt 0:01:30]} 7. Nc3 {[%emt 0:00:00] C07: Französische Verteidigung (Tarrasch-Variante)} Bd7 {[%emt 0:02:30]} (7... Nf6 8. Nf3 O-O 9. Bd3 b6 10. O-O Bb7 11. Bg5 {½-½ (11) Pantsulaia,L (2563)-Mchedlishvili,M (2645) Mumbai 2013}) 8. Nf3 {[%emt 0:01:00]} Nf6 {[%emt 0:01:30]} 9. a3 $146 {[%emt 0:04:30]} ({Vorgänger:} 9. Bg5 h6 10. Bxf6 Qxf6 11. Ne5 O-O 12. Be2 Bc6 13. O-O Rd8 14. Bf3 Bxf3 15. Nxf3 {0-1 (44) Butvilaite,B (1596)-Zalimaite,I (1799) Vilnius 2015}) 9... Be7 {[%emt 0:01:30]} 10. Bd3 {[%emt 0:01:30]} Bc6 {[%emt 0:01:30]} 11. O-O {[%emt 0:01:30]} O-O {[%emt 0:01:30]} 12. Ne5 {[%emt 0:02:30]} Nbd7 {[%emt 0:05:30]} 13. Nxc6 {[%emt 0:03:30]} bxc6 {[%emt 0:00:00]} 14. Bf4 {[%emt 0:08:30]} Nb6 {[%emt 0:02:00]} 15. Re1 {[%emt 0:03:30]} Nbd5 {[%emt 0:02:30]} 16. Nxd5 {[%emt 0:03:30]} Qxd5 {[%emt 0:01:30]} 17. Be5 {[%emt 0:05:30]} Rad8 {[%emt 0:03:30]} 18. Re3 {[%emt 0:04:30]} g6 {[%emt 0:06:30]} 19. Rh3 {[%emt 0:02:30]} c5 {[%emt 0:04:30]} 20. Qc1 {[%emt 0:46:00]} cxd4 {[%emt 0:10:30]} 21. Bxf6 {[%emt 0:00:30]} Bxf6 {[%emt 0:00:30]} 22. Qh6 {[%emt 0:00:30]} Rfe8 {[%emt 0:00:30]} 23. Qxh7+ {[%emt 0:00:00]} Kf8 {[%emt 0:00:00]} 24. Rf3 {[%emt 0:00:30]} Qe5 {[%emt 0:04:30]} 25. Kf1 {[%emt 0:00:30]} (25. h4 $5 {[%cal Rd3g6]}) 25... Ke7 {[%emt 0:04:30]} 26. Bxg6 {[%emt 0:04:30]} Rf8 {[%emt 0:00:30]} 27. Re1 {[%emt 0:01:30]} Qg5 $1 {[%emt 0:00:30]} 28. Rg3 {[%emt 0:11:30]} Qd2 {[%emt 0:04:30]} 29. Rb3 {[%emt 0:01:30]} Rd7 {[%emt 0:08:30]} 30. h3 {[%emt 0:05:30]} Qg5 {[%emt 0:01:30]} ({Black should try} 30... Rc7 $14) 31. Bd3 {[%emt 0:01:30]} Qd5 {[%emt 0:00:30]} 32. Rb5 {[%emt 0:01:30]} Qd6 {[%emt 0:00:30]} 33. g3 {[%emt 0:00:30]} Qc6 {[%emt 1:24:30]} 34. Qe4 {[%emt 0:00:30]} Qc7 $2 {[%emt 0:00:30]} (34... Rc8 $16 35. Qxc6 Rxc6) 35. Rf5 {[%emt 0:02:30]} Rh8 {[%emt 0:01:30]} 36. Qf3 {[%emt 0:01:30]} Rh6 {[%emt 0:01:31]} 37. g4 {[%emt 0:03:30]} Qh2 {[%emt 0:01:12]} 38. g5 {[%emt 0:00:30]} Rxh3 {[%emt 0:00:29]} 39. gxf6+ {[%emt 0:00:30]} Kd6 {[%emt 0:00:01]} 40. Qf4+ {[%emt 0:00:00]} Qxf4 {[%emt 0:00:52]} 41. Rxf4 {[%emt 0:00:00]} Rxd3 {[%emt 0:01:24]} 42. Ke2 {[%emt 0:00:30]} Ke5 {[%emt 0:03:19]} 43. Kxd3+ {[%emt 0:00:00]} Kxf4 {[%emt 0:00:04]} 44. Re4+ {[%emt 0:00:00]} Kf3 {[%emt 1:40:58]} 45. Rxd4 {[%emt 0:00:00]} Rb7 {[%emt 0:00:01]} 46. b4 {[%emt 0:00:00]} e5 {[%emt 0:00:00]} 47. Rd5 {[%emt 0:01:30]} Kf4 {[%emt 1:43:17]} 48. f3 $2 {[%emt 1:32:00]} (48. Ra5 $18) 48... Rb6 {[%emt 0:00:30]} 49. Ke2 $11 {[%emt 0:00:30]} 1/2-1/2